[Event "St Petersburg Korchnoi Memorial op"]
[Site "St Petersburg"]
[Date "2024.08.18"]
[Round "4"]
[White "Shikhalieva, Ariana"]
[Black "Artemov, Egor"]
[Result "0-1"]
[WhiteElo "1762"]
[BlackElo "1920"]
[PlyCount "90"]
[EventDate "2024.08.17"]
[EventType "swiss"]
[EventRounds "9"]
[EventCountry "RUS"]
[SourceTitle "CBM 221 Extra"]
[Source "ChessBase"]
[SourceDate "2024.09.30"]
[SourceVersion "1"]
[SourceVersionDate "2024.09.30"]
[SourceQuality "1"]

1. e4 c5 2. Nf3 e6 3. d4 cxd4 4. Nxd4 Nc6 5. Nc3 Nf6 6. f4 Bb4 7. Nxc6 bxc6 8. e5 Ne4 9. Qd3 f5 10. exf6 Qxf6 11. a3 Bxc3+ 12. bxc3 d5 13. Bd2 0-0 14. g3 e5 15. Bg2 exf4 16. 0-0 Ba6 17. Qxa6 Nxd2 18. Qd3 Nxf1 19. Rxf1 Rae8 20. gxf4 Qe6 21. Rf3 Qe1+ 22. Bf1 Re4 23. f5 Rg4+ 24. Kh1 Qe4 25. c4 dxc4 26. Qxe4 Rxe4 27. Rc3 Rxf5 28. Bxc4+ Kf8 29. Bd3 Re1+ 30. Kg2 Rf6 31. Rb3 g6 32. Bc4 Re7 33. Rb8+ Kg7 34. a4 Re4 35. Rb7+ Kh6 36. Bg8 Rg4+ 37. Kh3 Kg5 38. Rb3 Rxa4 39. c4 h5 40. Re3 Ra2 41. Be6 Raf2 42. Re5+ Kh6 43. c5 R6f3+ 44. Kh4 Rxh2+ 45. Bh3 Rfxh3# 0-1